Queen on wednesday

On Wednesday, Thelma is bored—so she decides to become a queen. She makes the royal announcement on Thursday and chooses the royal pets on Friday. But she needs a castle to keep the pets, and royally qualified trainers to tame them, and of course someone to clean up after the messes. It's enoug...

Cijeli opis

Spremljeno u:
Bibliografski detalji
Glavni autor: Swiatkowska, Gabi
Format: Knjiga
Jezik:Undetermined
Izdano: New York Gabi Swiatkowska 2014
Teme:
Oznake: Dodaj oznaku
Bez oznaka, Budi prvi tko označuje ovaj zapis!
Thư viện lưu trữ: Trung tâm Học liệu Trường Đại học Cần Thơ
LEADER 01076nam a2200205Ia 4500
001 CTU_217359
008 210402s9999 xx 000 0 und d
020 |c 12.59 
082 |a 808.068 
082 |b S976 
100 |a Swiatkowska, Gabi 
245 0 |a Queen on wednesday 
245 0 |c Gabi Swiatkowska 
260 |a New York 
260 |b Gabi Swiatkowska 
260 |c 2014 
520 |a On Wednesday, Thelma is bored—so she decides to become a queen. She makes the royal announcement on Thursday and chooses the royal pets on Friday. But she needs a castle to keep the pets, and royally qualified trainers to tame them, and of course someone to clean up after the messes. It's enough to give a queen a royal headache. And when Thelma realizes that there aren't enough beds to hold her royal staff, she flings off her crown and decides that maybe being a regular girl isn't so boring after all. 
650 |a Children's literature, United states,Văn học thiếu nhi, Mỹ 
904 |i Trinh, Tuyến 
980 |a Trung tâm Học liệu Trường Đại học Cần Thơ